| 000 | 00599nam a2200205 a 4500 | ||
|---|---|---|---|
| 005 | 20210219153216.0 | ||
| 008 | 991125n 000 0 spa u | ||
| 035 | _aUPN01000084278 | ||
| 100 | _aGUTIERREZ, Guillermo | ||
| 222 | _aEDUCACION DE ADULTOS Y DESARROLLO | ||
| 245 | _aLa capacitación de comunicadores radiofónicos populares, un rubro apasionante dentro de la educacion popular | ||
| 300 | _a321-341 | ||
| 362 | _a1996 (47) | ||
| 653 | 0 | _aCAPACITACION | |
| 653 | 0 | _aCOMUNICADORES | |
| 653 | 0 | _aEDUCACION POPULAR | |
| 653 | 0 | _aRADIO | |
| 904 |
_aAC _b022089 |
||
| 905 | _aArticulo | ||
| 999 |
_c71126 _d71126 |
||